Statistics for Australia First Level Subdivisions

Click here to take the quiz!

General Stats

  • This quiz has been taken 94 times
  • The average score is 10 of 15

Answer Stats

States% Correct
Tasmania
100%
New South Wales
98%
Queensland
98%
Western Australia
98%
South Australia
95%
Northern Territory
95%
Victoria
92%
Christmas Island
85%
Australian Capital Territory
82%
Norfolk Island
61%
Cocos Islands
52%
Jervis Bay Territory
31%
Coral Sea Islands
23%
Ashmore and Cartier Islands
21%
Heard and McDonald Islands
16%

Score Distribution

Percentile by Number Answered

Percent of People with Each Score

Your Score History

You have not taken this quiz